| 000 | 00440nam a22001457a 4500 | ||
|---|---|---|---|
| 020 | _a0444506071 | ||
| 082 |
_a631.587 _bLAM/MI |
||
| 245 | _aDevelopments in Agricultural Engineering 13: Microirrigation for Crop Production: Design, Operation, and Management | ||
| 260 |
_aAmsterdam _bElsevier _c2007 |
||
| 300 | _a618 | ||
| 700 |
_aLamm,Freddie.R _9433 |
||
| 700 |
_aAyars,James.E _9434 |
||
| 700 |
_aNakayama,Francis.S _9435 |
||
| 942 | _cREF | ||
| 999 |
_c14315 _d14315 |
||